[Event "St Petersburg Korchnoi Memorial op"]
[White "Santarov, Alexander"]
[Black "Ajusheva, Renata"]
[Site "St Petersburg"]
[Round "3"]
[Result "1/2-1/2"]
[Date "2023.08.19"]
[WhiteElo "1153"]
[BlackElo "1427"]
[PlyCount "68"]
[EventDate "2023.08.18"]
[EventType "swiss"]
[EventRounds "9"]
[EventCountry "RUS"]
[SourceTitle "CBM 216 Extra"]
[Source "ChessBase"]
[SourceDate "2023.11.30"]
[SourceVersion "1"]
[SourceVersionDate "2023.11.30"]
[SourceQuality "1"]

1. d4 g6 2. Nf3 Bg7 3. e3 d6 4. Bd3 Nd7 5. b3 Ngf6 6. Bb2 0-0 7. 0-0 Re8 8. Nbd2 e5 9. dxe5 dxe5 10. e4 a6 11. a4 Nh5 12. Nc4 Nf4 13. Qd2 f6 14. Rad1 Nc5 15. Ba3 Ncxd3 16. cxd3 Bg4 17. d4 Bxf3 18. gxf3 Qc8 19. dxe5 fxe5 20. Qd7 Rd8 21. Qxc8 Raxc8 22. Be7 Rxd1 23. Rxd1 Kf7 24. Bh4 Ke6 25. Na5 Rb8 26. Bd8 c6 27. Bb6 Bf8 28. Nc4 Rc8 29. Kf1 Be7 30. Na5 Rb8 31. Nc4 Rc8 32. Na5 Rb8 33. Nc4 Rc8 34. Na5 Rb8 1/2-1/2